Biblioteca

Lectures on systematic theology (Registro nro. 43873)

Detalles MARC
000 -LÍDER
Campo fijo de descripción fija 01366nam a22002657a 4500
001 - NÚMERO DE CONTROL
Campo de control 17209
003 - IDENTIFICADOR DEL NÚMERO DE CONTROL
Campo de control CO-MdFUSB
005 - FECHA Y HORA DE LA ULTIMA TRANSACCIÓN
control field 20180622073153.0
008 - ELEMENTOS DE LONGITUD FIJA -- INFORMACIÓN GENERAL
Campo fijo de descripción fija -- Información general 180509s1944 xxu||||| |||| 00| 0 eng d
020 ## - NÚMERO INTERNACIONAL NORMALIZADO PARA LIBROS
Número Internacional Normalizado del libro Donación
040 ## - FUENTE DE CATALOGACIÓN
Agencia de catalogación original CO-MdFUSB
Idioma de catalogación spa
Agencia que realiza la transcripción CO-MdFUSB
Agencia que realiza la modificación CO-MdFUSBC
Convenciones de la descripción rda
041 0# - CÓDIGO DE IDIOMA
Código de idioma para texto/pista de sonido o título separado eng
082 04 - NÚMERO DE CLASIFICACIÓN DECIMAL DEWEY
Número de clasificación G 230 F5145s
100 1# - ASIENTO PRINCIPAL--NOMBRE PERSONAL
Nombre personal Finney, Charles G.
Término relacionador autor
245 #0 - TÍTULO
Título del Material Lectures on systematic theology
Mención de responsabilidad, etc. / Charles G. Finney, editado por J.H. Fairchild
250 ## - MENCIÓN DE EDICIÓN
Mención de edición 2
264 ## - PRODUCCIÓN, PUBLICACIÓN, DISTRIBUCIÓN, MANUFACTURA, Y COPYRIGHT
Lugar de producción, publicación, distribución, manufactura Whittier, California:
Nombre del productor, publicador, distribuidor Colporter Kemp,
Fecha de producción, publicación, distribución, manufactura, o copyright [1944]
300 ## - DESCRIPCIÓN FÍSICA
Extensión 622 p.
336 ## - TIPO DE CONTENIDO
Fuente rdacontent
Término de tipo de contenido texto
Código de tipo de contenido txt
337 ## - TIPO DE MEDIO
Fuente rdamedia
Nombre del tipo de medio sin mediación
Código del tipo de medio n
338 ## - TIPO DE SOPORTE
Fuente rdacarrier
Nombre del tipo de soporte volumen
Código Tipo de soporte nc
505 00 - NOTA DE CONTENIDO
Nota de contenido con formato preestablecido El gobierno moral -- la obligación moral -- la unidad de hechos morales -- la obedencia entera -- atributos del amor -- la desobedencia a la ley moral -- caracteristicas del egoismo -- sanciones de la ley moral -- el gobierno humano -- la depravación moral -- la expiación -- la regeneración -- la capacidad natural -- la capacidad de la gracia -- la idea de la incapacidad -- el arrepentimiento y la impenitencia -- la fé y la incredulidad -- la justificación -- la sanctificación -- la elección -- la depravación -- la soberanía divina -- los propósitos de Dios -- la perseverancia de los santos
650 #0 - ASIENTO SECUNDARIO DE MATERIA - TERMINO TEMÁTICO
Término temático o nombre geográfico como elemento de entrada Teología postmoderna
9 (RLIN) 504
942 ## - TIPO DE MATERIAL (KOHA)
Tipo de Item KOHA Libros General
Existencias
Estado de Material Estado de Perdido Estado de Dañado No para Préstamo Colección Tomo Biblioteca de Origen Biblioteca Permanente Fecha de Adquisición Total de Préstamos Total de Renovaciones Signatura Topográfica Código de Barras Última vez visto Última vez Préstado Ejemplar/Existencia Fecha de Remplazo Tipo de Material
        Colección General   Biblioteca FUSBC Biblioteca FUSBC 13/07/2011 1 1 G 230 F5145s 2711 21/05/2022 03/03/2022 1 26/01/2016 Libros General

Biblioteca FUSBC | Teléfono: (57+4) 349 88 10 Ext. 141| WhatsApp (+57) 3005338115 
E-mail: biblioteca@unisbc.edu.co | Calle 76 87-14 Robledo Palenque, Medellín, Colombia

Con tecnología Koha